00251nam a2200109Ia 4500008004100000100002000041245002300061260002100084650001200105942000700117999001700124190216s9999||||xx |||||||||||||| ||und|| aAgatha Christie 4aThe Moving Fingers bPan Books London aEnglish cBK c13330d13330